| 000 | 00655nam a2200205Ia 4500 | ||
|---|---|---|---|
| 001 | 5694 | ||
| 003 | GE_BSU | ||
| 008 | 181216s||||||||xx |||||||||||||| ||und|| | ||
| 040 | _cGE_BSU | ||
| 080 | _a510.22(075.8)+517.5(075.8) | ||
| 100 | _aАлександров,П.С. и Колмогоров,А.И. | ||
| 245 | _aВведение в общую теорию множеств и функций . Ч. 1 | ||
| 245 | _bУчебное пособие для вузов | ||
| 260 | _aМ-Л | ||
| 260 | _bГостехиздат | ||
| 260 | _c1948. | ||
| 300 | _a411с. 20 см. | ||
| 653 | _aтеория множеств и функций | ||
| 942 | _cBK | ||
| 999 |
_c39114 _d39114 |
||